Najniebezpieczniejsze kraje świata - Statystyki

Ogólne statystyki
  • Ten quiz został rozwiązany 131 razy
  • Średni wynik to 11 z 24
Statystyki odpowiedzi
Hint Odpowiedź % Poprawnych
Azja Afganistan
81%
Azja Irak
73%
Azja Syria
65%
Ameryka Południowa Wenezuela
65%
Afryka Sudan
62%
Azja Jemen
60%
Afryka Nigeria
59%
Azja Pakistan
59%
Afryka Somalia
55%
Europa Ukraina
54%
Afryka Sudan Południowy
50%
Ameryka Północna Haiti
46%
Ameryka Północna Honduras
44%
Afryka Etiopia
41%
Ameryka Północna Salwador
41%
Azja Liban
37%
Afryka Mali
37%
Afryka Libia
35%
Afryka DRK
33%
Oceania Papua Nowa Gwinea
33%
Azja Mjanma
28%
Afryka Mauretania
26%
Afryka RŚA
23%
Afryka Burkina Faso
18%
Nie znaleziono quizów pasujących do podanych kryteriów
Rozkład punktacji
Procent ludzi z każdym wynikiem
Percentyl według liczby udzielonych odpowiedzi
Twoja historia wyników
Nie rozwiązałeś tego quizu